[Event "30th olimpiad"]
[Site "Manila"]
[Date "1992.06.10"]
[Round "3"]
[White "Ermenkov, Evgeny Petkov"]
[Black "Dutreeuw, Marc"]
[Result "1/2-1/2"]
[EventDate "1992.06.08"]
[PlyCount "65"]
[WhiteElo "2505"]
[WhiteTitle "GM"]
[WhiteTeam "Bulgaria"]
[BlackElo "2425"]
[BlackTitle "FM"]
[BlackTeam "Belgium"]
[Board "2"]
[Source "OlimpBase"]

1. c4 e6 2. Nc3 d5 3. d4 Be7 4. Nf3 Nf6 5. Bg5 h6 6. Bh4 O-O 7. e3 b6 8. cxd5
Nxd5 9. Bxe7 Qxe7 10. Rc1 Bb7 11. Be2 Rc8 12. Qa4 c5 13. Nxd5 Bxd5 14. dxc5
Rxc5 15. Rxc5 Qxc5 16. O-O Qc7 17. Qe8+ Kh7 18. Nd4 Na6 19. Qb5 Nc5 20. Rc1 a6
21. Qd3+ Kg8 22. Qc2 a5 23. a3 a4 24. e4 Bb7 25. f3 Qf4 26. Nb5 Rd8 27. Rd1
Qe3+ 28. Kf1 Rxd1+ 29. Qxd1 Nb3 30. Qd3 Qc1+ 31. Qd1 Qe3 32. Qd3 Qc1+ 33. Qd1
1/2-1/2

[Event "30th olimpiad"]
[Site "Manila"]
[Date "1992.06.10"]
[Round "3"]
[White "Polaczek, Richard"]
[Black "Georgiev, Krum Ivanov"]
[Result "0-1"]
[EventDate "1992.06.08"]
[PlyCount "58"]
[WhiteElo "2415"]
[WhiteTitle "IM"]
[WhiteTeam "Belgium"]
[BlackElo "2505"]
[BlackTitle "GM"]
[BlackTeam "Bulgaria"]
[Board "3"]
[Source "OlimpBase"]

1. e4 c5 2. Nf3 d6 3. d4 cxd4 4. Nxd4 Nf6 5. Nc3 a6 6. Bg5 e6 7. f4 Qc7
8. Bxf6 gxf6 9. Be2 Nc6 10. Nb3 Bd7 11. O-O O-O-O 12. Kh1 Ne7 13. Qd4 Bg7
14. a4 Rhg8 15. f5 Kb8 16. Nb5 axb5 17. axb5 Nc8 18. Qa4 Qb6 19. Rf3 Na7 20. c4
Bh6 21. Na5 Be3 22. b4 Bd4 23. Ra2 exf5 24. exf5 Rde8 25. Qd1 Re7 26. Nb3 Be3
27. Rc2 Qc7 28. Qa1 Rge8 29. Qxf6 Bxb5 0-1

[Event "30th olimpiad"]
[Site "Manila"]
[Date "1992.06.10"]
[Round "3"]
[White "Popchev, Milko"]
[Black "Bolzoni, Victor-Angel"]
[Result "1-0"]
[EventDate "1992.06.08"]
[PlyCount "57"]
[WhiteElo "2465"]
[WhiteTitle "IM"]
[WhiteTeam "Bulgaria"]
[BlackElo "2300"]
[BlackTeam "Belgium"]
[Board "4"]
[Source "OlimpBase"]

1. d4 Nf6 2. g3 d5 3. Bg2 e6 4. Nf3 Be7 5. O-O O-O 6. b3 Ne4 7. Nbd2 Nxd2
8. Nxd2 c5 9. dxc5 Bxc5 10. Bb2 Nc6 11. c4 Re8 12. e3 Qd6 13. Qh5 Ne7 14. Rfd1
Qb6 15. Rab1 a5 16. a3 Nf5 17. cxd5 g6 18. Qf3 exd5 19. Kh1 Be6 20. g4 Ng7
21. Qf6 Bf8 22. h3 Qd8 23. Ne4 Kh8 24. Qf4 Be7 25. Nf6 Bxf6 26. Bxf6 Qb6
27. Qh6 Rg8 28. g5 Qb5 29. Rd4 1-0

[Event "30th olimpiad"]
[Site "Manila"]
[Date "1992.06.11"]
[Round "4"]
[White "Dutreeuw, Marc"]
[Black "Annageldiev, Orazly"]
[Result "1/2-1/2"]
[EventDate "1992.06.08"]
[PlyCount "175"]
[WhiteElo "2425"]
[WhiteTitle "FM"]
[WhiteTeam "Belgium"]
[BlackElo "2420"]
[BlackTeam "Turkmenistan"]
[Board "2"]
[Source "OlimpBase"]

1. e4 c5 2. Nf3 a6 3. c4 e6 4. Nc3 d6 5. d4 cxd4 6. Nxd4 Nf6 7. Be2 Be7 8. O-O
Qc7 9. Be3 O-O 10. Rc1 b6 11. f3 Bb7 12. Qe1 Nbd7 13. Qf2 Rac8 14. Rfd1 Qb8
15. Bf1 Kh8 16. Kh1 Bd8 17. b3 Bc7 18. Qh4 Bd8 19. Qf2 Rg8 20. Nde2 g5 21. g4
Ne5 22. Bg2 Ba8 23. Ng3 b5 24. cxb5 axb5 25. a4 bxa4 26. bxa4 Qb3 27. Bd4 Bc6
28. Rb1 Qa3 29. Rd2 Ba5 30. Ra2 Qxc3 31. Bxc3 Bxc3 32. Rc2 Bxa4 33. Rxc3 Rxc3
34. Qd4 Rc4 35. Qxd6 Nc6 36. Bf1 Rd4 37. Qc5 Nd7 38. Qc3 Nde5 39. Ne2 Rd1
40. Rxd1 Bxd1 41. Ng1 f6 42. Bc4 Re8 43. Bb5 Rc8 44. Qa1 Bc2 45. Qa6 Rc7 46. h3
Kg8 47. Ne2 Bd1 48. Ng3 Bxf3+ 49. Kg1 Kf8 50. Qb6 Rc8 51. Nh5 Rb8 52. Qc5+ Kf7
53. Ng3 Ne7 54. Kf2 Rc8 55. Qa7 Rc2+ 56. Ke1 Rb2 57. Bf1 Bg2 58. Qa8 Nf3+
59. Kd1 Bxf1 60. Nxf1 Rb1+ 61. Ke2 Ng1+ 62. Kf2 Nxh3+ 63. Kg3 Rxf1 64. Kxh3
Rh1+ 65. Kg3 Rh4 66. Qb7 h5 67. gxh5 Rxh5 68. Kg2 Rh4 69. Qa8 Rg4+ 70. Kh3 Rf4
71. Kh2 f5 72. exf5 exf5 73. Qa2+ Kg7 74. Qa1+ Kf7 75. Qa2+ Kf6 76. Qa1+ Ke6
77. Qa6+ Ke5 78. Qb5+ Kd6 79. Qd3+ Nd5 80. Qa6+ Ke5 81. Qa1+ Rd4 82. Qe1+ Re4
83. Qg3+ Nf4 84. Qxg5 Re2+ 85. Kh1 Ne6 86. Qh5 Nd4 87. Kg1 Ke4 88. Kf1 1/2-1/2

[Event "30th olimpiad"]
[Site "Manila"]
[Date "1992.06.12"]
[Round "5"]
[White "Polaczek, Richard"]
[Black "Nadera, Barlo"]
[Result "0-1"]
[EventDate "1992.06.08"]
[PlyCount "76"]
[WhiteElo "2415"]
[WhiteTitle "IM"]
[WhiteTeam "Belgium"]
[BlackElo "2390"]
[BlackTeam "Philippines B"]
[Board "2"]
[Source "OlimpBase"]

1. e4 e6 2. d4 d5 3. Nc3 Bb4 4. e5 c5 5. Nf3 Ne7 6. dxc5 Nbc6 7. Bd3 Ng6
8. Bxg6 hxg6 9. O-O Bxc5 10. Bf4 a6 11. Qd3 Bd7 12. Rad1 Be7 13. Rfe1 Rc8
14. h3 Nb4 15. Qe2 Rc4 16. Bg3 Qc8 17. a3 Rxc3 18. bxc3 Na2 19. Ra1 Nxc3
20. Qe3 Bc5 21. Qf4 Bb5 22. Ng5 Qd7 23. Qd2 Na4 24. Kh2 Qe7 25. Qf4 Rh5 26. h4
Kf8 27. Rab1 Kg8 28. Rb3 Be8 29. Rf3 b5 30. Ree3 Nb6 31. Rb3 a5 32. Rbc3 Nc4
33. a4 bxa4 34. Rxc4 dxc4 35. Qxc4 Bc6 36. Rc3 Qxg5 37. Qf4 Qxf4 38. Bxf4 Rxh4+
0-1

[Event "30th olimpiad"]
[Site "Manila"]
[Date "1992.06.12"]
[Round "5"]
[White "Gloria, Eric"]
[Black "Geenen, Marc"]
[Result "1-0"]
[EventDate "1992.06.08"]
[PlyCount "81"]
[WhiteElo "2235"]
[WhiteTeam "Philippines B"]
[BlackElo "2340"]
[BlackTitle "FM"]
[BlackTeam "Belgium"]
[Board "3"]
[Source "OlimpBase"]

1. d4 d5 2. c4 e6 3. Nc3 c6 4. e4 dxe4 5. Nxe4 Bb4+ 6. Bd2 Qxd4 7. Bxb4 Qxe4+
8. Be2 Qxg2 9. Qd6 c5 10. Bc3 Ne7 11. Bf3 Qg5 12. Ne2 Nf5 13. Qc7 Qd8 14. Qxc5
Na6 15. Qb5+ Qd7 16. Nd4 Qxb5 17. cxb5 Nxd4 18. Bxd4 Nb4 19. O-O-O Nxa2+
20. Kb1 Nb4 21. Bxg7 Rg8 22. Be5 Nd5 23. Rhe1 Rg6 24. h4 Kf8 25. Be4 f5 26. h5
Rh6 27. Bf3 Bd7 28. Rg1 Bxb5 29. Bg7+ Kf7 30. Bxh6 Nb4 31. Rg7+ Kf6 32. Rxb7
Bd3+ 33. Rxd3 Nxd3 34. Rd7 Nc5 35. Bxa8 Nxd7 36. Bf3 e5 37. Be3 f4 38. Bxa7 Kg5
39. b4 Kf5 40. Bc6 Nf6 41. b5 1-0

[Event "30th olimpiad"]
[Site "Manila"]
[Date "1992.06.14"]
[Round "6"]
[White "Mohd Kamal, Abdullah"]
[Black "Polaczek, Richard"]
[Result "0-1"]
[EventDate "1992.06.08"]
[PlyCount "86"]
[WhiteElo "2205"]
[WhiteTeam "Malaysia"]
[BlackElo "2415"]
[BlackTitle "IM"]
[BlackTeam "Belgium"]
[Board "2"]
[Source "OlimpBase"]

1. e4 Nf6 2. e5 Nd5 3. d4 d6 4. Nf3 g6 5. Be2 Bg7 6. c4 Nb6 7. exd6 cxd6
8. O-O O-O 9. h3 Nc6 10. Be3 Bf5 11. Nc3 d5 12. c5 Nc4 13. Bc1 b6 14. cxb6 axb6
15. b3 Nd6 16. g4 Be4 17. Bb2 Bxf3 18. Bxf3 e6 19. Ne2 b5 20. a3 Qb6 21. Qd3
Rfd8 22. Rac1 Na5 23. Rfd1 Qa6 24. Qe3 Ne4 25. Ng3 Nxg3 26. fxg3 Rac8 27. Kg2
Rxc1 28. Rxc1 Rc8 29. Bd1 Rxc1 30. Qxc1 Nc6 31. Qf4 Qb6 32. Qd6 Bxd4 33. Bxd4
Qxd4 34. Be2 Qd2 35. Kf1 Qc3 36. g5 Kg7 37. Bxb5 Ne5 38. Be2 Qxg3 39. b4 Qf4+
40. Kg2 Qxg5+ 41. Kf2 Qf4+ 42. Kg2 d4 43. b5 Qe4+ 0-1

[Event "30th olimpiad"]
[Site "Manila"]
[Date "1992.06.14"]
[Round "6"]
[White "Geenen, Marc"]
[Black "Ng Ek Teong"]
[Result "1/2-1/2"]
[EventDate "1992.06.08"]
[PlyCount "68"]
[WhiteElo "2340"]
[WhiteTitle "FM"]
[WhiteTeam "Belgium"]
[BlackElo "2205"]
[BlackTeam "Malaysia"]
[Board "3"]
[Source "OlimpBase"]

1. e4 e6 2. d4 c5 3. Nf3 cxd4 4. Nxd4 Nf6 5. Nc3 d6 6. f4 Nc6 7. Be3 Be7
8. Qf3 e5 9. Nxc6 bxc6 10. f5 d5 11. exd5 cxd5 12. O-O-O Bb7 13. Bc4 e4 14. Qg3
Bd6 15. Qxg7 Rg8 16. Bb5+ Ke7 17. Qh6 Qc7 18. g3 Be5 19. Bd4 Rac8 20. Ba4 Bxd4
21. Rxd4 Qe5 22. Rhd1 Qxf5 23. Bb3 Rc5 24. Kb1 Rg5 25. Rb4 Bc8 26. Ne2 Qg4
27. c3 Ng8 28. Qh4 Qxh4 29. gxh4 Rf5 30. Ng3 Re5 31. Rbd4 Re6 32. Rb4 Bd7
33. Rbd4 Bc8 34. Rf1 Bb7 1/2-1/2

[Event "30th olimpiad"]
[Site "Manila"]
[Date "1992.06.15"]
[Round "7"]
[White "Al-Modiahki, Mohamad Ahmed"]
[Black "Dutreeuw, Marc"]
[Result "0-1"]
[EventDate "1992.06.08"]
[PlyCount "104"]
[WhiteElo "2290"]
[WhiteTitle "IM"]
[WhiteTeam "Qatar"]
[BlackElo "2425"]
[BlackTitle "FM"]
[BlackTeam "Belgium"]
[Board "1"]
[Source "OlimpBase"]

1. e4 e5 2. Nf3 Nc6 3. Bc4 Nf6 4. d3 Be7 5. O-O d6 6. c3 Na5 7. Qa4+ c6
8. Bxf7+ Kxf7 9. b4 b5 10. Qxa5 Qxa5 11. bxa5 Bd8 12. a4 a6 13. Be3 c5 14. Na3
Bxa5 15. axb5 Bxc3 16. Rab1 a5 17. Nc4 Ke7 18. Bd2 Bb4 19. Ra1 Bd7 20. b6 Bb5
21. Bxb4 axb4 22. Nfd2 Kd7 23. f3 Kc6 24. b7 Rxa1 25. Rxa1 Rb8 26. Ra7 Kc7
27. Kf2 Ne8 28. Ke3 Rxb7 29. Ra8 Rb8 30. Ra7+ Rb7 31. Ra8 Nf6 32. Rf8 Be8
33. g4 h6 34. h4 Rb8 35. g5 hxg5 36. hxg5 Nh5 37. Rg8 Kd7 38. Nb3 Ke7 39. Nba5
Rb5 40. Nb3 Bd7 41. Rh8 g6 42. Rh7+ Ke6 43. Rh8 Rb7 44. Rg8 Nf4 45. Rf8 Ra7
46. Rf6+ Ke7 47. Nxd6 Be6 48. Nb5 Rb7 49. Nd6 Kxd6 50. Na5 Rb5 51. Nc4+ Ke7
52. Nxe5 b3 0-1

[Event "30th olimpiad"]
[Site "Manila"]
[Date "1992.06.18"]
[Round "10"]
[White "Urday Cáceres, Henry"]
[Black "Polaczek, Richard"]
[Result "1/2-1/2"]
[EventDate "1992.06.08"]
[PlyCount "99"]
[WhiteElo "2480"]
[WhiteTitle "IM"]
[WhiteTeam "Peru"]
[BlackElo "2415"]
[BlackTitle "IM"]
[BlackTeam "Belgium"]
[Board "2"]
[Source "OlimpBase"]

1. d4 Nf6 2. Nf3 e6 3. e3 c5 4. Bd3 b6 5. O-O Bb7 6. b3 Be7 7. Bb2 O-O 8. c4
cxd4 9. exd4 d5 10. Nbd2 Nc6 11. Rc1 Re8 12. Qe2 Rc8 13. Rfd1 Qd6 14. c5 bxc5
15. dxc5 Qf4 16. a3 a5 17. Ne5 d4 18. Nxc6 Bxc6 19. g3 Qg5 20. b4 Qd5 21. f3
axb4 22. axb4 Ba4 23. Re1 Rb8 24. Ba3 Qa8 25. Nc4 Nd5 26. Qe4 g6 27. Qxd4 Bf6
28. Ne5 Red8 29. Qe4 Be8 30. Ra1 Nxb4 31. Qxa8 Rxa8 32. Bxb4 Rxa1 33. Rxa1 Bxe5
34. Ra3 Bd4+ 35. Kf1 Rb8 36. Be4 Rxb4 37. Ra8 Kf8 38. Bc6 Bxc5 39. Rxe8+ Kg7
40. Rc8 Rb1+ 41. Kg2 Rb2+ 42. Kh1 h5 43. Be4 Bd4 44. Rc4 Rd2 45. f4 f5 46. Bf3
Kf6 47. Rc6 Ke7 48. Rc7+ Kd6 49. Rc6+ Kd7 50. Rc7+ 1/2-1/2

[Event "30th olimpiad"]
[Site "Manila"]
[Date "1992.06.18"]
[Round "10"]
[White "Oblitas Guerrero, Carlomagno"]
[Black "Bolzoni, Victor-Angel"]
[Result "1-0"]
[EventDate "1992.06.08"]
[PlyCount "81"]
[WhiteElo "2425"]
[WhiteTeam "Peru"]
[BlackElo "2300"]
[BlackTeam "Belgium"]
[Board "4"]
[Source "OlimpBase"]

1. d4 Nf6 2. c4 g6 3. Nc3 d5 4. Bg5 Ne4 5. Bf4 Nxc3 6. bxc3 Bg7 7. e3 O-O
8. Nf3 c5 9. Rc1 Nc6 10. Qd2 Bg4 11. cxd5 Qxd5 12. Be2 Rfd8 13. h3 e5 14. c4
Qd7 15. dxe5 Bxf3 16. Qxd7 Rxd7 17. Bxf3 Nb4 18. O-O Nxa2 19. Rcd1 Re7 20. Rd5
Nc3 21. Rxc5 b6 22. Rc6 Bxe5 23. Bxe5 Rxe5 24. Ra1 a5 25. Rxb6 Ra7 26. Ra3 Ne4
27. Rb5 Rxb5 28. cxb5 Nd6 29. b6 Ra6 30. Rb3 a4 31. b7 Nxb7 32. Rxb7 a3 33. Rb1
Kf8 34. Kf1 Ke7 35. Bd5 f6 36. Ke2 Kd6 37. Ba2 Kc5 38. Kd3 Rd6+ 39. Kc3 h5
40. Bc4 Rd8 41. Rb5+ 1-0

[Event "30th olimpiad"]
[Site "Manila"]
[Date "1992.06.21"]
[Round "12"]
[White "Polaczek, Richard"]
[Black "Abdelnabbi, Imed"]
[Result "1/2-1/2"]
[EventDate "1992.06.08"]
[PlyCount "55"]
[WhiteElo "2415"]
[WhiteTitle "IM"]
[WhiteTeam "Belgium"]
[BlackElo "2395"]
[BlackTitle "IM"]
[BlackTeam "Egypt"]
[Board "2"]
[Source "OlimpBase"]

1. e4 c5 2. Nf3 d6 3. d4 cxd4 4. Nxd4 Nf6 5. Nc3 Nc6 6. Be2 e6 7. O-O Be7
8. Kh1 O-O 9. f4 Bd7 10. Be3 Qc7 11. Qe1 Nxd4 12. Bxd4 Bc6 13. Qg3 g6 14. Bf3
b5 15. e5 Nd7 16. exd6 Bxd6 17. Qh4 Bc5 18. Rad1 Rac8 19. Qh6 Bxd4 20. Rxd4 Nf6
21. Qg5 Kg7 22. Bxc6 Qxc6 23. Qe5 Qc5 24. Nxb5 Qxc2 25. Nc3 Qf5 26. Qxf5 gxf5
27. Rfd1 Rc7 28. Rb4 1/2-1/2

[Event "30th olimpiad"]
[Site "Manila"]
[Date "1992.06.21"]
[Round "12"]
[White "Afifi, Assem"]
[Black "Geenen, Marc"]
[Result "1/2-1/2"]
[EventDate "1992.06.08"]
[PlyCount "30"]
[WhiteElo "2395"]
[WhiteTitle "IM"]
[WhiteTeam "Egypt"]
[BlackElo "2340"]
[BlackTitle "FM"]
[BlackTeam "Belgium"]
[Board "3"]
[Source "OlimpBase"]

1. c4 e5 2. Nc3 Nf6 3. g3 c6 4. Bg2 d5 5. cxd5 cxd5 6. d3 d4 7. Ne4 Nxe4
8. Bxe4 Nc6 9. Nf3 Bd6 10. Bd2 Ne7 11. Nh4 Qb6 12. Rb1 O-O 13. O-O Be6 14. Qa4
Rac8 15. Bg2 Rc7 1/2-1/2

[Event "30th olimpiad"]
[Site "Manila"]
[Date "1992.06.21"]
[Round "12"]
[White "Bolzoni, Victor-Angel"]
[Black "Yassin, Aly"]
[Result "1/2-1/2"]
[EventDate "1992.06.08"]
[PlyCount "30"]
[WhiteElo "2300"]
[WhiteTeam "Belgium"]
[BlackElo "2305"]
[BlackTitle "IM"]
[BlackTeam "Egypt"]
[Board "4"]
[Source "OlimpBase"]

1. e4 c5 2. Nf3 d6 3. d4 cxd4 4. Nxd4 Nf6 5. Nc3 Nc6 6. Be3 e6 7. Qd2 a6
8. O-O-O Bd7 9. f3 b5 10. g4 Nxd4 11. Qxd4 Bc6 12. g5 Nd7 13. h4 Qa5 14. Kb1 b4
15. Ne2 d5 1/2-1/2

[Event "30th olimpiad"]
[Site "Manila"]
[Date "1992.06.22"]
[Round "13"]
[White "Ginting, Nasib"]
[Black "Polaczek, Richard"]
[Result "1-0"]
[EventDate "1992.06.08"]
[PlyCount "79"]
[WhiteElo "2430"]
[WhiteTitle "IM"]
[WhiteTeam "Indonesia"]
[BlackElo "2415"]
[BlackTitle "IM"]
[BlackTeam "Belgium"]
[Board "2"]
[Source "OlimpBase"]

1. d4 Nf6 2. c4 e6 3. g3 d5 4. Nf3 dxc4 5. Bg2 Bd7 6. Ne5 Bc6 7. Nxc6 Nxc6
8. O-O Qd7 9. e3 Rb8 10. Qe2 b5 11. a4 a6 12. axb5 axb5 13. Bd2 Be7 14. Rc1 Nd5
15. b3 cxb3 16. Ra6 Nd8 17. Ba5 O-O 18. Bxd5 Qxd5 19. Rxc7 Rb7 20. Nc3 Qf5
21. e4 Qh3 22. Nxb5 f5 23. Rxe7 b2 24. Qxb2 Rxe7 25. Bb4 f4 26. Ra3 f3 27. Rxf3
Rxf3 28. Bxe7 Nc6 29. Bc5 h6 30. Qa2 Kh7 31. Qc2 Qg4 32. Kg2 Rf7 33. Qd3 Rb7
34. h3 Qg6 35. Nd6 Rd7 36. f4 Ne7 37. g4 Kh8 38. Kg3 Ng8 39. Qf3 Nf6 40. e5 1-0

[Event "30th olimpiad"]
[Site "Manila"]
[Date "1992.06.22"]
[Round "13"]
[White "Geenen, Marc"]
[Black "Handoko, Edhi"]
[Result "1/2-1/2"]
[EventDate "1992.06.08"]
[PlyCount "55"]
[WhiteElo "2340"]
[WhiteTitle "FM"]
[WhiteTeam "Belgium"]
[BlackElo "2390"]
[BlackTitle "IM"]
[BlackTeam "Indonesia"]
[Board "3"]
[Source "OlimpBase"]

1. e4 e5 2. Nf3 Nf6 3. d4 Nxe4 4. Bd3 d5 5. Nxe5 Nd7 6. Nxd7 Bxd7 7. O-O Qh4
8. c4 O-O-O 9. c5 g6 10. Nc3 Bg7 11. g3 Nxc3 12. bxc3 Qh3 13. Rb1 h5 14. Bf4
Bc6 15. Qb3 g5 16. Ba6 gxf4 17. Bxb7+ Bxb7 18. Qxb7+ Kd7 19. Rfe1 Rb8 20. Qxd5+
Kc8 21. Rxb8+ Kxb8 22. Rb1+ Kc8 23. Qa8+ Kd7 24. Qd5+ Kc8 25. Qa8+ Kd7 26. Qd5+
Kc8 27. Qa8+ Kd7 28. Qd5+ 1/2-1/2